Économie et Civilisation contribution a l'histoire de la civilisation francaise

Salvato in:
Dettagli Bibliografici
Autore principale: Gignoux, C.J
Natura: Libro
Lingua:francese
Pubblicazione: Paris Société d'éditions économiques et sociales 1944
Tags: Aggiungi Tag
Nessun Tag, puoi essere il primo ad aggiungerne!!

MARC

LEADER 00000nam a2200000 4500
001 c126626
005 20041019155238.5
041 0 |a fre 
044 |a FR 
245 1 0 |a Économie et Civilisation  |b contribution a l'histoire de la civilisation francaise  |c C.J. Gignoux 
264 1 |a Paris  |b Société d'éditions économiques et sociales  |c 1944 
300 |a 237 s. 
100 1 |a Gignoux, C.J.